Firefighter tools Quiz Stats

 Plays Quiz not verified by Sporcle

Also try: Like a Drink?
Challenge
Share
Tweet
Embed
Score 0/10 Timer 04:00
0 Plays Today
% Correct
Axe
94.7%
pike pole
48.6%
jaws of life
38%
chain saw
26.9%
hammer
13.1%
flashlight
12.7%
Hooligan Bar
9%
hydrant wrench
8.2%
knife
7.8%
fire rake
4.1%

You're not logged in!

Compare scores with friends on all Sporcle quizzes.
OR
Log In

You Might Also Like...

Show Comments

Extras

Created Nov 29, 2010SourceReportNominate
Tags:tool

Top Quizzes Today


Score Distribution

Your Account Isn't Verified!

In order to create a playlist on Sporcle, you need to verify the email address you used during registration. Go to your Sporcle Settings to finish the process.

Report this User

Report this user for behavior that violates our Community Guidelines.

Details: